000 00294nam a22001337a 4500
008 170712b xxu||||| |||| 00| 0 eng d
020 _a9780877790426
041 _aeng
080 _a030
100 _a26
101 _aENC
245 _aENCYCLOPEDIA LITERATURE
_cFULLER/E
942 _2udc
_cBK
999 _c20247
_d20247